<?xml version="1.0" encoding="UTF-8"?>
<record
    xmlns:xsi="http://www.w3.org/2001/XMLSchema-instance"
    xsi:schemaLocation="http://www.loc.gov/MARC21/slim http://www.loc.gov/standards/marcxml/schema/MARC21slim.xsd"
    xmlns="http://www.loc.gov/MARC21/slim">

  <leader>00438nam a22001817a 4500</leader>
  <controlfield tag="003">OSt</controlfield>
  <controlfield tag="005">20211228082336.0</controlfield>
  <controlfield tag="008">211228b        |||||||| |||| 00| 0 eng d</controlfield>
  <datafield tag="020" ind1=" " ind2=" ">
    <subfield code="a">0256263779</subfield>
  </datafield>
  <datafield tag="040" ind1=" " ind2=" ">
    <subfield code="c">HU</subfield>
  </datafield>
  <datafield tag="082" ind1=" " ind2=" ">
    <subfield code="a">005.13</subfield>
  </datafield>
  <datafield tag="100" ind1=" " ind2=" ">
    <subfield code="a">Uckan Yuksel</subfield>
    <subfield code="9">24415</subfield>
  </datafield>
  <datafield tag="245" ind1=" " ind2=" ">
    <subfield code="a">Problem Solving Using C: Structured Programming Techniques</subfield>
  </datafield>
  <datafield tag="250" ind1=" " ind2=" ">
    <subfield code="a">2ed</subfield>
  </datafield>
  <datafield tag="260" ind1=" " ind2=" ">
    <subfield code="a">New York</subfield>
    <subfield code="b">New York</subfield>
  </datafield>
  <datafield tag="300" ind1=" " ind2=" ">
    <subfield code="f">750</subfield>
  </datafield>
  <datafield tag="942" ind1=" " ind2=" ">
    <subfield code="2">ddc</subfield>
    <subfield code="c">BOOKS</subfield>
    <subfield code="n">0</subfield>
  </datafield>
  <datafield tag="999" ind1=" " ind2=" ">
    <subfield code="c">24478</subfield>
    <subfield code="d">24478</subfield>
  </datafield>
  <datafield tag="952" ind1=" " ind2=" ">
    <subfield code="0">0</subfield>
    <subfield code="1">0</subfield>
    <subfield code="2">ddc</subfield>
    <subfield code="4">0</subfield>
    <subfield code="7">0</subfield>
    <subfield code="a">006</subfield>
    <subfield code="b">006</subfield>
    <subfield code="c">GEN</subfield>
    <subfield code="d">2021-12-28</subfield>
    <subfield code="l">0</subfield>
    <subfield code="o">005.13/UCK/1999</subfield>
    <subfield code="p">IOTL0001680</subfield>
    <subfield code="r">2021-12-28 00:00:00</subfield>
    <subfield code="t">1</subfield>
    <subfield code="w">2021-12-28</subfield>
    <subfield code="y">BOOKS</subfield>
  </datafield>
  <datafield tag="952" ind1=" " ind2=" ">
    <subfield code="0">0</subfield>
    <subfield code="1">0</subfield>
    <subfield code="2">ddc</subfield>
    <subfield code="4">0</subfield>
    <subfield code="7">0</subfield>
    <subfield code="a">006</subfield>
    <subfield code="b">006</subfield>
    <subfield code="c">GEN</subfield>
    <subfield code="d">2021-12-28</subfield>
    <subfield code="l">0</subfield>
    <subfield code="o">005.13/UCK/1999</subfield>
    <subfield code="p">IOTL0001681</subfield>
    <subfield code="r">2021-12-28 00:00:00</subfield>
    <subfield code="t">2</subfield>
    <subfield code="w">2021-12-28</subfield>
    <subfield code="y">BOOKS</subfield>
  </datafield>
  <datafield tag="952" ind1=" " ind2=" ">
    <subfield code="0">0</subfield>
    <subfield code="1">0</subfield>
    <subfield code="2">ddc</subfield>
    <subfield code="4">0</subfield>
    <subfield code="7">0</subfield>
    <subfield code="a">006</subfield>
    <subfield code="b">006</subfield>
    <subfield code="c">GEN</subfield>
    <subfield code="d">2021-12-28</subfield>
    <subfield code="l">0</subfield>
    <subfield code="o">005.13/UCK/1999</subfield>
    <subfield code="p">IOTL0001682</subfield>
    <subfield code="r">2021-12-28 00:00:00</subfield>
    <subfield code="t">3</subfield>
    <subfield code="w">2021-12-28</subfield>
    <subfield code="y">BOOKS</subfield>
  </datafield>
  <datafield tag="952" ind1=" " ind2=" ">
    <subfield code="0">0</subfield>
    <subfield code="1">0</subfield>
    <subfield code="2">ddc</subfield>
    <subfield code="4">0</subfield>
    <subfield code="7">0</subfield>
    <subfield code="a">006</subfield>
    <subfield code="b">006</subfield>
    <subfield code="c">GEN</subfield>
    <subfield code="d">2021-12-28</subfield>
    <subfield code="l">0</subfield>
    <subfield code="o">005.13/UCK/1999</subfield>
    <subfield code="p">IOTL0001683</subfield>
    <subfield code="r">2021-12-28 00:00:00</subfield>
    <subfield code="t">4</subfield>
    <subfield code="w">2021-12-28</subfield>
    <subfield code="y">BOOKS</subfield>
  </datafield>
  <datafield tag="952" ind1=" " ind2=" ">
    <subfield code="0">0</subfield>
    <subfield code="1">0</subfield>
    <subfield code="2">ddc</subfield>
    <subfield code="4">0</subfield>
    <subfield code="7">0</subfield>
    <subfield code="a">006</subfield>
    <subfield code="b">006</subfield>
    <subfield code="c">GEN</subfield>
    <subfield code="d">2021-12-28</subfield>
    <subfield code="l">0</subfield>
    <subfield code="o">005.13/UCK/1999</subfield>
    <subfield code="p">IOTL0001684</subfield>
    <subfield code="r">2021-12-28 00:00:00</subfield>
    <subfield code="t">5</subfield>
    <subfield code="w">2021-12-28</subfield>
    <subfield code="y">BOOKS</subfield>
  </datafield>
  <datafield tag="952" ind1=" " ind2=" ">
    <subfield code="0">0</subfield>
    <subfield code="1">0</subfield>
    <subfield code="2">ddc</subfield>
    <subfield code="4">0</subfield>
    <subfield code="7">0</subfield>
    <subfield code="a">006</subfield>
    <subfield code="b">006</subfield>
    <subfield code="c">GEN</subfield>
    <subfield code="d">2021-12-28</subfield>
    <subfield code="l">0</subfield>
    <subfield code="o">005.13/UCK/1999</subfield>
    <subfield code="p">IOTL0001685</subfield>
    <subfield code="r">2021-12-28 00:00:00</subfield>
    <subfield code="t">6</subfield>
    <subfield code="w">2021-12-28</subfield>
    <subfield code="y">BOOKS</subfield>
  </datafield>
  <datafield tag="952" ind1=" " ind2=" ">
    <subfield code="0">0</subfield>
    <subfield code="1">0</subfield>
    <subfield code="2">ddc</subfield>
    <subfield code="4">0</subfield>
    <subfield code="7">0</subfield>
    <subfield code="a">006</subfield>
    <subfield code="b">006</subfield>
    <subfield code="c">GEN</subfield>
    <subfield code="d">2021-12-28</subfield>
    <subfield code="l">0</subfield>
    <subfield code="o">005.13/UCK/1999</subfield>
    <subfield code="p">IOTL0001686</subfield>
    <subfield code="r">2021-12-28 00:00:00</subfield>
    <subfield code="t">7</subfield>
    <subfield code="w">2021-12-28</subfield>
    <subfield code="y">BOOKS</subfield>
  </datafield>
  <datafield tag="952" ind1=" " ind2=" ">
    <subfield code="0">0</subfield>
    <subfield code="1">0</subfield>
    <subfield code="2">ddc</subfield>
    <subfield code="4">0</subfield>
    <subfield code="7">0</subfield>
    <subfield code="a">006</subfield>
    <subfield code="b">006</subfield>
    <subfield code="c">GEN</subfield>
    <subfield code="d">2021-12-28</subfield>
    <subfield code="l">0</subfield>
    <subfield code="o">005.13/UCK/1999</subfield>
    <subfield code="p">IOTL0001687</subfield>
    <subfield code="r">2021-12-28 00:00:00</subfield>
    <subfield code="t">8</subfield>
    <subfield code="w">2021-12-28</subfield>
    <subfield code="y">BOOKS</subfield>
  </datafield>
  <datafield tag="952" ind1=" " ind2=" ">
    <subfield code="0">0</subfield>
    <subfield code="1">0</subfield>
    <subfield code="2">ddc</subfield>
    <subfield code="4">0</subfield>
    <subfield code="7">0</subfield>
    <subfield code="a">006</subfield>
    <subfield code="b">006</subfield>
    <subfield code="c">GEN</subfield>
    <subfield code="d">2021-12-28</subfield>
    <subfield code="l">0</subfield>
    <subfield code="o">005.13/UCK/1999</subfield>
    <subfield code="p">IOTL0001688</subfield>
    <subfield code="r">2021-12-28 00:00:00</subfield>
    <subfield code="t">9</subfield>
    <subfield code="w">2021-12-28</subfield>
    <subfield code="y">BOOKS</subfield>
  </datafield>
  <datafield tag="952" ind1=" " ind2=" ">
    <subfield code="0">0</subfield>
    <subfield code="1">0</subfield>
    <subfield code="2">ddc</subfield>
    <subfield code="4">0</subfield>
    <subfield code="7">0</subfield>
    <subfield code="a">006</subfield>
    <subfield code="b">006</subfield>
    <subfield code="c">GEN</subfield>
    <subfield code="d">2021-12-28</subfield>
    <subfield code="l">0</subfield>
    <subfield code="o">005.13/UCK/1999</subfield>
    <subfield code="p">IOTL0001689</subfield>
    <subfield code="r">2021-12-28 00:00:00</subfield>
    <subfield code="t">10</subfield>
    <subfield code="w">2021-12-28</subfield>
    <subfield code="y">BOOKS</subfield>
  </datafield>
  <datafield tag="952" ind1=" " ind2=" ">
    <subfield code="0">0</subfield>
    <subfield code="1">0</subfield>
    <subfield code="2">ddc</subfield>
    <subfield code="4">0</subfield>
    <subfield code="7">0</subfield>
    <subfield code="a">006</subfield>
    <subfield code="b">006</subfield>
    <subfield code="c">GEN</subfield>
    <subfield code="d">2021-12-28</subfield>
    <subfield code="l">0</subfield>
    <subfield code="o">005.13/UCK/1999</subfield>
    <subfield code="p">IOTL0001690</subfield>
    <subfield code="r">2021-12-28 00:00:00</subfield>
    <subfield code="t">11</subfield>
    <subfield code="w">2021-12-28</subfield>
    <subfield code="y">BOOKS</subfield>
  </datafield>
</record>
